00710 2200229 4500001002100000005001500021035002000036007000300056008004100059082001800100084002400118100001200142245010500154260006900259300002800328650001500356650001400371700001900385520001800404856003400422990002400456INLIS00000000000828320260427104527 a0010-0426000132ta260427 0 ind  a631.17:654.19 a631.17:654.19 NAS d0 aNASIMUN1 aDesiminasi Inovasi Teknologi Pertanian Melalui Siaran Radio Pertanian Wonocolo (RPW) BPTP Jawa Timur aMalang :bBalai Pengkajian Teknologi Pertanian Jawa Timur,c2019 a20p. :bIlus ;c29.7 cm 4aDesiminasi 4aTeknologi0 aTini Siniati K aLaporan Akhir aPerpustakaan BBRMP Jawa Timur a424/2026/BBRMPJATIM